Statistics for Cube Numbers

Click here to take the quiz!

General Stats

  • This quiz has been taken 52 times
    (48 since last reset)
  • The average score is 17 of 25

Answer Stats

NumberCube% Correct
11
100%
101000
100%
5125
100%
6216
100%
327
100%
464
100%
28
100%
111331
91%
9729
91%
121728
82%
132197
82%
142744
82%
153375
82%
7343
82%
8512
82%
208000
82%
164096
64%
174913
55%
185832
45%
196859
45%
2515625
18%
2210648
0%
2312167
0%
2413824
0%
219261
0%

Score Distribution

Percentile by Number Answered

Percent of People with Each Score

Your Score History

You have not taken this quiz since the last reset